Pricing with confidence 10 ways to stop leaving money on the table

Gespeichert in:
Bibliographische Detailangaben
1. Verfasser: Holden, Reed K.
Weitere Verfasser: Burton, Mark
Format: Buch
Sprache:Englisch
Veröffentlicht: Grand Haven Brilliance Audio [2017]
Schlagworte:
Tags: Tag hinzufügen
Keine Tags, Fügen Sie das erste Tag hinzu!

MARC

LEADER 00000nam a2200000 4500
001 0237201
005 20230116135316.9
020 |a 978-1-4805-9022-9 
041 0 |a eng 
044 |a US 
245 1 0 |a Pricing with confidence  |b 10 ways to stop leaving money on the table  |c Reed K. Holden, Mark Burton 
264 1 |a Grand Haven  |b Brilliance Audio  |c [2017] 
300 |a CD-ROM 
610 2 0 |a podnik 
610 2 0 |a politika cenová 
610 2 0 |a oceňovanie 
610 2 0 |a zisk ekonomický 
610 2 0 |a marža 
610 2 0 |a plán podnikový 
610 2 0 |a predaj 
610 2 0 |a príjmy 
100 1 |a Holden, Reed K. 
700 1 |a Burton, Mark